|
|
|
|
| LEADER |
00000cam a2200000 4500 |
| 001 |
vtls012250332 |
| 003 |
SK-MaSNL |
| 005 |
20260301173815.0 |
| 008 |
240214s2024 xo ao g fn 000 0 slo |
| 015 |
|
|
|a SNBA2024/10
|
| 020 |
|
|
|a 9788097466107
|q (viazané)
|
| 040 |
|
|
|a SNK
|b slo
|c SNK
|e rda
|
| 041 |
0 |
|
|a slo
|
| 044 |
|
|
|a xo
|c SK
|
| 072 |
|
7 |
|a 613
|x Hygiena. Ľudské zdravie
|2 konspekt
|
| 072 |
|
7 |
|a 646
|x Odievanie. Starostlivosť o telo
|2 konspekt
|
| 080 |
|
|
|a 612.799
|2 2011
|
| 080 |
|
|
|a 646.72
|2 2011
|
| 080 |
|
|
|a 612.39
|2 2011
|
| 080 |
|
|
|a 687.55
|2 2011
|
| 080 |
|
|
|a (0.062)
|2 2011
|
| 080 |
|
|
|a 613:304.3
|2 2011
|
| 100 |
1 |
|
|a Mokriš, Adrián
|4 aut
|4 ill
|9 545241
|
| 245 |
1 |
0 |
|a Zdravé vlasy zvnútra von
|b prvá slovenská kniha o zdraví vlasov, ktorá sa pozerá na zdravie vlasov celostne. Kozmetikou zvonku a výživou zvnútra, od korienkov až po končeky. Očami holistického vlasového špecialistu - trichoga
|n (1.)
|c autor knihy: Adrián Mokriš
|
| 264 |
|
1 |
|a Trenčín
|b 3chológ, s.r.o.
|c 2024
|
| 300 |
|
|
|a 224 strán
|b fotografie a ilustrácie (prevažne farebné)
|c 22 cm
|
| 336 |
|
|
|a text
|b txt
|2 rdacontent
|
| 336 |
|
|
|a statický obraz
|b sti
|2 rdacontent
|
| 337 |
|
|
|a bez média
|b n
|2 rdamedia
|
| 338 |
|
|
|a zväzok
|b nc
|2 rdacarrier
|
| 500 |
|
|
|a Obsahuje QR kódy odkazujúce na webové stránky
|
| 500 |
|
|
|a Obsahuje profesijné údaje o autorovi na zadnej strane obálky
|
| 504 |
|
|
|a Obsahuje bibliografiu na strane 218
|
| 650 |
0 |
7 |
|a vlasy
|2 SNKPH
|9 15827
|
| 650 |
0 |
7 |
|a starostlivosť o vlasy
|2 SNKPH
|9 51429
|
| 650 |
0 |
7 |
|a výživa
|2 SNKPH
|9 2615
|
| 650 |
0 |
7 |
|a kozmetika
|2 SNKPH
|9 17020
|
| 650 |
0 |
7 |
|a zdravý životný štýl
|2 SNKPH
|9 68571
|
| 650 |
0 |
7 |
|a Hair
|2 SNKPHeng
|9 539112
|
| 650 |
0 |
7 |
|a Hair care
|2 SNKPHeng
|9 319289
|
| 650 |
0 |
7 |
|a Nutrition
|2 SNKPHeng
|9 267862
|
| 650 |
0 |
7 |
|a Cosmetics
|2 SNKPHeng
|9 267470
|
| 650 |
0 |
7 |
|a Healthy lifestyle
|2 SNKPHeng
|9 268752
|
| 655 |
|
7 |
|a populárno-náučné publikácie
|2 SNKPH
|9 70460
|
| 655 |
|
7 |
|a Popular works
|2 SNKPHeng
|9 90287
|
| 700 |
1 |
|
|a Tazbirek, Pavel
|4 bkd
|4 bjd
|9 545242
|
| 700 |
1 |
|
|a Lova, Pavla
|4 bkd
|4 bjd
|9 545243
|
| 852 |
|
|
|a Slovenská národná knižnica
|
| 919 |
|
|
|a 978-80-974661-0-7
|
| 954 |
|
|
|a iná literatúra (príručky, kuchárske knihy, hobby literatúra, sprievodcovia) pôvodná (slovenská)
|2 lita
|
| 958 |
|
|
|a NB
|
| 999 |
|
|
|c 837749
|d 839679
|
| 952 |
|
|
|a SNK
|b SNK
|y PREZ
|7 0
|p 17A1554005
|o snkSC 208340
|i snk2024/16090
|8 0
|0 0
|1 0
|4 0
|d 2024-10-18
|l 0
|r 2025-10-31 00:00:00
|w 2026-02-24
|
| 952 |
|
|
|a SNK
|b SNK
|y VYP
|7 0
|p 17A1553923
|o snkSC 208340 D1
|i snk2024/16091
|8 3
|g 20.75
|0 0
|1 0
|4 0
|d 2024-10-18
|l 0
|r 2026-02-24 03:59:44
|w 2026-02-24
|